| 000 | 00557nam a22002177a 4500 | ||
|---|---|---|---|
| 999 |
_c8586 _d8586 |
||
| 001 | 8586 | ||
| 003 | BD-JhCC | ||
| 005 | 20180925084301.0 | ||
| 008 | 180227s1963 nyu||||| |||| 00| 0 eng d | ||
| 035 | _a(BD-JhCC) 8586 | ||
| 040 |
_aBD-JhCC _dBD-JhCC |
||
| 041 | _aeng | ||
| 082 |
_a330.973 _bMAR 1963 |
||
| 100 | _aMarkham, Jess W | ||
| 245 |
_aThe American Economy / _cJess W. Markham |
||
| 260 |
_aNew York _bGeorge Braziller _cMAR 1963 |
||
| 300 |
_a274. p ; _c21 cm |
||
| 650 |
_aEconomic Policy _zUnited State |
||
| 942 |
_2ddc _cBK |
||